000 00625cam a22002534a 4500
003 UPN
005 20240810063853.0
008 090217s2005 mx r 000 j spa d
020 _a9682710170
035 _aUPN01000169355
040 _aUPN
_bspa
_cUPN
049 _aCG
050 4 _aPQ7297 V53
_bA42
100 1 _aVilloro, Juan,
_d1956-
_930716
245 1 0 _aAlbercas.
250 _aPrimera edición
260 _aMéxico :
_bBooket,
_c2005.
300 _a116 páginas
490 0 _aPlaneta
650 4 _aCuentos mexicanos
_96937
905 _aLibro
942 _2lcc
_cLIBRO
999 _c141461
_d141461